Caste and Christianity : attitudes and policies on caste of Anglo-Saxon Protestant missions in India /

Bibliographic Details
Main Author: Forrester, Duncan B., 1933-
Format: Book
Language:English
Published: London : Atlantic Highlands, N. J. : Curzon Press ; Humanities Press, 1980
Series:London studies on South Asia ; no. 1.
Subjects:

MARC

Tag First Indicator Second Indicator Subfields
LEADER 00000cam a2200000 a 4500
001 in00000092032
005 20160130063504.0
008 800627c19801979enk b 00110 eng d
020 |a 070070129X(UK) 
020 |a 0391017853(US) 
035 |a (OCoLC)06467368 
035 |9 AAK3586AM 
040 |a JHE  |c JHE  |d TXA  |d UtOrBLW 
043 |a a-ii--- 
049 |a TXAM  |c [1655179] 
090 |a BV3265.2  |b .F65 1980 
100 1 |a Forrester, Duncan B.,  |d 1933- 
245 1 0 |a Caste and Christianity :  |b attitudes and policies on caste of Anglo-Saxon Protestant missions in India /  |c Duncan B. Forrester. 
264 1 |a London :  |b Curzon Press ;  |a Atlantic Highlands, N. J. :  |b Humanities Press,  |c 1980 
264 4 |c ©1979 
300 |a viii, 227 pages ;  |c 23 cm. 
336 |a text  |b txt  |2 rdacontent 
337 |a unmediated  |b n  |2 rdamedia 
338 |a volume  |b nc  |2 rdacarrier 
490 1 |a London studies on South Asia,  |x 0142-601X ;  |v no. 1 
500 |a Includes index. 
504 |a Bibliography: pages [204]-223. 
650 0 |a Missions  |z India. 
650 0 |a Caste  |z India. 
650 0 |a Protestant churches  |x Missions. 
650 0 |a Church and social problems  |z India. 
830 0 |a London studies on South Asia ;  |v no. 1. 
999 |a MARS 
999 f f |s 7c900a1a-c39f-30b0-bf9c-dddcfb00e4b1  |i 09552aa3-ab74-31c4-a356-90d764e54d34  |t 0 
952 f f |p ric  |a Texas A&M University  |b Rellis Campus  |c Joint Library Facility  |d Remote Storage  |t 0  |e BV3265.2 .F65 1980  |h Library of Congress classification  |i unmediated -- volume  |m A14806092361 
998 f f |a BV3265.2 .F65 1980  |t 0  |l Remote Storage